=LDR 00000nam 2200000 4500 =001 INLIS000000000032354 =005 20130612134350 =008 ***********************************Ind** =035 ##$$0010-061300000032354 =041 ##$$a Ind =082 ##$$a 618.17 =090 ##$$a 618.17, Rah =100 ##$$a Rahmani,Dyah P =245 ##$$a Infertilitas dalam Perspektif Jender, Dyah Rahmani P,Ana Nadhya Abrar =260 ##$$a 1999 $b Yogyakarta =300 ##$$a xi,100 hlm., ilus., 22 cm =650 ##$$a Jender =850 ##$$a NBPNMAT